000 00434nam a2200193Ia 4500
005 20240823030255.0
008 240823s9999||||xx |||||||||||||| ||und||
041 _aENGLISH
082 _A362.196994081 M7
100 _aShubin B
245 0 _aMen Vs Cancer
250 _a1st
260 _c1987
_b"Mir,Moscow"
500 _aTransfered
650 _aDisease
_bGeneral
700 _a Gritsman Yu
942 _cBK
999 _c188306
_d188306